000
00341nam a2200133Ia 4500
008
240624s9999 xx 000 0 und d
041
_a
eng
082
_a
659.1 BAR
100
_a
BATRA RAJEEV
245
_a
ADVERTISING MANAGEMENT
250
_a
(5th ed.)
260
_c
2004
_a
New Delhi
_b
Pearson Education
300
_a
xiii, : 754 : p. : cm. ; 24
999
_c
4909
_d
4909